000 00703na a2200241 4500
001 24388
003 MIRAKIL
005 20181226104236.0
008 181005b tu 000 0
020 _a9786051400211
041 _atur
082 _a920.5
_bİ44i 2012
090 _a920.5 İ44i 2012
100 _aİlknur, Miyase
245 _aİlhan abi
_cMiyase İlknur
260 _aİstanbul
_bCumhuriyet Kitapları
_c2012
_fYazın basın yayın matbaacılık
300 _a675 s.
_bfotğ.
_c23 sm.
504 _aKaynakça ve dizin var.
600 _aSelçuk, İlhan
_xYaşamöyküsü
650 _aGazeteciler
_xTürkiye
_yYaşamöyküsü
942 _2ddc
_cBKS
040 _aMilas
_btur
_cTR-AnCHP
999 _c11885
_d11885